000 004420000a22001810004500
003 MACL
005 20150705134240.0
008 150705b xxu||||| |||| 00| 0 eng d
040 _aMACL
_cMACL
041 _aEnglish
082 _a306/CHA
100 _aChandra, Bipan
_9594
245 _aCommunalism
_bA Primer
260 _bAnamika Publishers& Distributors
_c2004
_aDelhi
350 _a175
650 _aSociology
_919
942 _cBK
_k306
_2ddc
999 _c1839
_d1839